Una voce in difesa: Episcopato slovacco e diplomazia pontificia contro lo sterminio nazista
Saved in:
| 主要作者: | |
|---|---|
| 其他作者: | |
| 格式: | 圖書 |
| 語言: | 英语 意大利语 |
| 出版: |
Ciudad del Vaticano, Vaticano
Liberia Editrice Vaticana
2019
|
| 叢編: | Atti e Documenti
v.55 |
| 主題: | |
| 標簽: |
添加標簽
沒有標簽, 成為第一個標記此記錄!
|
MARC
| LEADER | 00000nam a22000007a 4500 | ||
|---|---|---|---|
| 003 | CL-VaPUC | ||
| 005 | 20220903073955.0 | ||
| 008 | 200122b ||||| |||| 00| 0 eng d | ||
| 999 | |c 379573 |d 379571 | ||
| 020 | |a 9788826603056 | ||
| 040 | |c Pontificia Universidad Católica de Valparaíso | ||
| 041 | 0 | |a ita | |
| 082 | |a 270 SLE 2019 | ||
| 100 | 1 | |a Slepcan, Peter |9 611747 | |
| 245 | 1 | 0 | |a Una voce in difesa: |b Episcopato slovacco e diplomazia pontificia contro lo sterminio nazista |
| 260 | 3 | |a Ciudad del Vaticano, Vaticano |b Liberia Editrice Vaticana |c 2019 | |
| 300 | |a 443 páginas | ||
| 490 | 0 | 0 | |a Atti e Documenti |v v.55 |
| 505 | 0 | |a I. Dalla monarchia all autonomia. II. Sillabo contro il razzismo. L esercitazione teologica prima della guerra. III. Azione cattolica in Slovacchia. Strategia antinazista. IV. Michal Buzalka e Giuseppe Burzio. Dalle parole ai fatti. V. Fra speranza e desilusione. Dopo la sospensione delle deportazioni. VI. Sotto il dominio comunista. | |
| 583 | |c 20200122 |k Daniel Castañeda | ||
| 650 | 0 | 0 | |a Historia de la iglesia |9 257565 |
| 650 | 0 | 0 | |a Nazismo |9 347078 |
| 700 | 1 | |a Letz, Robert |9 611748 | |
| 942 | |2 ddc |c BK | ||
| 952 | |0 0 |1 0 |2 ddc |4 0 |6 270_000000000000000_SLE_2019 |7 0 |8 A |9 500153 |a BIBTEO |b BIBTEO |d 2020-01-22 |i 5615429 |o 270 SLE 2019 |p 5615429 |r 2025-01-17 |t 1 |w 2020-01-22 |y BK |k ICR | ||